| 000 | 00408pab a2200157 454500 | ||
|---|---|---|---|
| 008 | 180718b1999 xxu||||| |||| 00| 0 eng d | ||
| 100 | _aBhattacharya, Suchintya | ||
| 245 | _aThe momentum of changes in the life-pattern of the tribals of Tripura | ||
| 260 | _c1999 | ||
| 300 | _ap.63-72 | ||
| 362 | _aOct-Dec | ||
| 650 | _aTribes - India - Tripura | ||
| 650 | _aTribes | ||
| 773 | _aTui | ||
| 909 | _a45787 | ||
| 999 |
_c45787 _d45787 |
||